000 00809nam a2200253Ia 4500
003 OSt
005 20220918164910.0
006 a|||||r|||| 00| 0
007 ta
008 220917b |||||||| |||| 00| 0 eng d
020 _a0807812250
024 _a31,670
037 _cTextual
040 _aARTS
_cARTS
_beng
041 _2eng
_aeng
082 _aO111,6M43:g(R), L4
100 _aHocks Richard A
_921561
245 0 _aHenry James and pragmatistic thought
_b a study in the relationship between the philosophy of William James and the literary art of Henry James
260 _aChapel
_bHill Univ Of North Carolina press
_c1974
300 _axii,258p.
_ccm.
650 _aENGLISH LITERATURE
942 _hO111,6M43:g(R), L4
_cTEXL
_2CC
999 _c127289
_d127289